000 00395nam a2200157Ia 4500
008 210716s2005 xx 000 0 und d
020 _a8125912037
041 _aeng
082 _a658 VRAP
100 _aVrat,Prem;Ahuja, K K;Jain, P K.
245 _aCase studies in management.
250 _a1
260 _aNew Delhi
_bVikas Publishing House
_c2005
300 _a296
650 _aMANAGEMENT
999 _c199801
_d199801